El flamenco en su raíz

Wedi'i Gadw mewn:
Manylion Llyfryddiaeth
Prif Awdur: Larrea Palacín, Arcadio (Awdur)
Fformat: Llyfr
Iaith:Sbaeneg
Cyhoeddwyd: Madrid Nacional 1974
Pynciau:
Tagiau: Ychwanegu Tag
Dim Tagiau, Byddwch y cyntaf i dagio'r cofnod hwn!

MARC

LEADER 00000nam a2200000 a 4500
001 UCO4785
003 CL-VaPUC
008 000811e19740000SP |||||||||||||||||spa|d
082 0 4 |a 789.23932  |b LAR  |2 21 
100 |a Larrea Palacín, Arcadio  |e author  |9 449417 
245 1 3 |a El flamenco en su raíz 
300 |a 331 p 
942 |c BK 
945 |d 20000811 00:00:00  |a crobeson 
260 |a Madrid  |b Nacional  |c 1974 
650 7 |a FLAMENCO  |2 CL-VaPUC  |9 449413 
650 7 |a MUSICA FLAMENCA  |2 CL-VaPUC  |9 449414 
650 7 |a MUSICA GITANA  |2 CL-VaPUC  |9 449415 
650 7 |a GITANOS  |2 CL-VaPUC  |9 449416 
650 0 |a Costumbres y tradiciones   |9 268292 
583 |a last modification  |c 20000811 00:00:00  |k Rodrigo Vera 
999 |c 290779  |d 290777 
952 |0 0  |1 0  |4 0  |6 789_239320000000000_LAR_1974  |7 0  |8 A  |9 340354  |a BIBART  |b BIBART  |d 2019-11-20  |i 1215833  |o 789.23932 LAR 1974  |p 1215833  |r 2025-03-13  |w 2019-11-20  |y BK  |k ART